| 000 | 00375nam a22001457a 4500 | ||
|---|---|---|---|
| 020 | _a978-1-292-72782-0 | ||
| 082 | _a658.1599 | ||
| 100 | _aMoffett, Michael H. | ||
| 245 | _aFundamentals of Multinational Finance | ||
| 250 | _a7th | ||
| 260 |
_aHarlow: _bPearson, _c2024. |
||
| 300 | _a572p.: ill.; 25cm | ||
| 700 | _aStonehill, Arthur I. & Eiteman, David K. | ||
| 942 | _cBK | ||
| 999 |
_c22126 _d22126 |
||